Guess the country from picture - Statistics

General Stats
  • This quiz has been taken 21 times
  • The average score is 9 of 12
Answer Stats
Picture Hint Answer % Correct
Africa Egypt
100%
South America Chile
95%
Oceania Australia
89%
Europe/Asia Russia
89%
North America USA
89%
Europe Denmark
79%
Europe Norway
79%
Asia Japan
63%
Africa Tanzania
63%
Africa South Africa
58%
Asia Thailand
42%
Europe Montenegro
16%
No matching quizzes found
Score Distribution
Percent of People with Each Score
Percentile by Number Answered
Your Score History
You have not taken this quiz